Ils ont joué pour... le Real de Madrid (Mort subite) - Statistiques

Statistiques générales
  • Ce quiz a été pris 1 063 fois
  • Le résultat moyen est 10 sur 16
Answers on the Grid
Answers color-coded by a green-red scale on the quiz's grid according to % correct below.
Zinedine Zidane
Maradona
Pelé (Edson Arantes do Nascimento)
David Beckham
Raphaël Varane
Benjamin Pavard
Robert Lewandowski
Jérémy Ménez
Christian Panucci
Karim Benzema
Kaka
Raul
Erling Haaland
Mikel Oyarzabal
Christian Karembeu
Zlatan Ibrahimovic
Uli Stielike
Lamine Yamal
Ousmane Dembelé
Antoine Griezmann
Berasaluce
Marc Cucurella
Luís Figo
Steve McManaman
Nacho
Mateo Retegui
Chendo
Iker Casillas
Arthur Johnson
Michel Platini
 
Statistiques - réponses
Réponse % Correct
Zinedine Zidane
99%
Raphaël Varane
96%
David Beckham
90%
Karim Benzema
89%
Kaka
87%
Raul
85%
Iker Casillas
78%
Luís Figo
78%
Nacho
76%
Christian Karembeu
55%
Steve McManaman
48%
Chendo
35%
Christian Panucci
33%
Uli Stielike
32%
Berasaluce
30%
Arthur Johnson
28%
Aucun quiz correspondant
Distribution des résultats
% des personnes avec chaque résultat
Percentile par nombre de réponses
Votre historique - résultats
Vous n’avez pas pris ce quiz